00405nam a2200157Ia 4500003000500000008004100005020001800046040001900064082000700083100001600090245004300106246004300149260003500192300000800227546001200235STCL181203s9999 xx 000 0 und d a9789380929972 aSTCLbENcSTCL 222 aSoni, Suman 0aGlobalization, Society and Social Work aGlobalisation, Society and Social Work bDND PublicationsaJaipurc2016 a263 aEnglish